Sophia de Mello Breyner Andresen (Record no. 44793)

MARC details
000 -Etiqueta do registo
Valores 01243nam a2200289 4500
010 ## - Número ISBN
ISBN 9789728012625
010 ## - Número ISBN
ISBN 9789728012649
021 ## - Número do Depósito Legal
Número 477926/20
100 ## - Dados gerais de processamento
Dados gerais 20210521d2020 k y0pory50030103ba
101 0# - Língua de publicação
Língua por
102 ## - País de publicação
País PT
200 1# - Titulo e menção de responsabilidade
Título próprio Sophia de Mello Breyner Andresen
Informação de outro título a contemporaneidade dos clássicos
Primeira menção de responsabilidade Congresso Internacional de Homenagem a Sophia de Mello Breyner Andresen
Outras menções de responsabilidade org. Cristina Costa Vieira, Ana Rita Carrilho, Pedro Guilherme
210 #9 - Publicação
Local de publicação [S.l.]
Nome do editor Fundacão Eng. António de Almeida,
Data de publicação 2020
215 ## - Descrição física 
Paginação / Volumes 221, [2] p.
Dimensões 23 cm
314 ## - Responsabilidade Intelectual
Texto da nota Congresso Internacional de Homenagem a Sophia de Mello Breyner Andresen:a contemporaneidade dos clássicos
675 ## - CDU
Notação 82.09
675 ## - CDU
Notação 821.134.3Andresen, Sofia de Melo Breyner.09(042)
Edição BN
Língua por
675 ## - CDU
Notação 061.3
Edição BN
Língua por
702 #1 - Autor secundário
Apelido Vieira,
Nome Cristina Maria da Costa,
Datas 1973-
Função 340
702 #1 - Autor secundário
Apelido Carrilho,
Nome Ana Rita de Sousa Aguiar
Função 340
702 #1 - Autor secundário
ID Autoridade 2
Apelido Guilherme
Nome Pedro
Função 340
710 12 - Autor entidade principal
Nome da entidade Congresso Internacional de Homenagem a Sophia de Mello Breyner Andresen,
Local do grupo-eventual Covilhã,
Data do grupo-eventual 2019
801 #0 - Fonte de origem
País PT
Agência BN
Regras de catalogação RPC
856 41 - Localização e acesso electrónico 
URL <a href="http://rnod.bnportugal.gov.pt/ImagesBN/winlibimg.aspx?skey=&doc=2070282&img=150220&save=true">http://rnod.bnportugal.gov.pt/ImagesBN/winlibimg.aspx?skey=&doc=2070282&img=150220&save=true</a>
990 ## - Elementos KOHA
Tipo de documento Livro
Holdings
Aquisição Empréstimo Código de barras Cota Permissão de empréstimo Tipo de documento
Biblioteca Municipal de Redondo Biblioteca Municipal de Redondo 054957 821.134.3.09 CON   Livro

Powered by Koha